Les 10 monuments les plus visités au monde - Statistiques

Statistiques générales
  • Ce quiz a été pris 46 fois
  • Le résultat moyen est 1 sur 10
Statistiques - réponses
Place Monument % Correct
4. Cathédrale Notre-Dame de Paris (France)
50%
5. Grande Muraille de Chine (Chine)
45%
7. Musée du Louvre (Paris, France)
32%
3. Cité interdite (Pékin, Chine)
16%
8. Palais de Versailles (France)
2%
6. Basilique du Sacré-Cœur (Paris, France)
0%
2. Basilique Notre-Dame de Guadalupe (Mexico, Mexique)
0%
10. Mémorial de Lincoln (Washington, D.C., États-Unis)
0%
9. Palais royal de Bangkok (Thaïlande)
0%
1. Temple Senso-ji (Tokyo, Japon)
0%
Aucun quiz correspondant
Distribution des résultats
% des personnes avec chaque résultat
Percentile par nombre de réponses
Votre historique - résultats
Vous n’avez pas pris ce quiz